Always Sunny Trivia #2 - Statistics

General Stats
  • This quiz has been taken 421 times
  • The average score is 10 of 20
Answer Stats
Hint Answer % Correct
What does Dee look like? Bird
96%
What does Frank use to cut his toe-nails? Toe knife
90%
What is the tranny's first name? Carmen
87%
Dennis Is as*hole. Why Charlie hate? Because Dennis is a ____ Bastard Man
78%
What member of the gang wears a track jacket with the VA-65 tiger patch on it? Charlie
78%
Chardee Macdennis 2: ______ Electric Boogaloo
73%
What is Charlie's favorite hobby? Magnets
70%
What does the E in the D.E.N.N.I.S system stand for? Engage Physically
69%
Groban likes his ladies to _____ Pop
55%
When the gang runs for office what position do they run for? Comptroller
52%
Where can you get the best steak in an arcade setting? Dave and Busters
49%
What color is Liam McPoyle's eye-patch? Flesh
35%
Who owns the gun shop that Frank buys shares in? Gunther
34%
What is the fourth level of Chardee Macdennis Horror
32%
What is the name of Charlie and Dennis' band? Electric Dream Machine
31%
What "reverse funnel system" do Dee and Charlie fall for? Invigaron
28%
Sir Isaac Newton gets born and blows everyone's ____ off with his big brains Nips
18%
What is the name of Charlie and Mac's backyard wrestling duo? Pigeon Boys
15%
Charlie says Mac is a good judge and an even better ____ Baliff
12%
Dennis Reynold's dream Christmas gift? Lamborghini Countach
12%
No matching quizzes found
Score Distribution
Percent of People with Each Score
Percentile by Number Answered
Your Score History
You have not taken this quiz